000 00672nam a2200217 a 4500
001 9264
003 BD-RUCL
005 20211208234740.0
008 140120s1973 enk 000 0 eng
035 _a(BD-RUC)9309
040 _aMSC
_dBD-RUC
_beng
_cBD-RjUL
041 _aeng
082 _a364.15
_bDOC 1973
090 _aPG3326
_b.P7 1973
100 1 _aDostoyevsky, Fyodor,
_d1821-1881.
_928764
245 1 0 _aCrime & punishment :
_ba novel in six parts and an epilogue /
_cby F.M. Dostoevsky ; translated by Jessie Coulson
260 _aOxford University Press :
_bLondon,
_c[1973]
300 _axiv, 527 p ;
_c16 cm
942 _2ddc
_cBK
999 _c9264
_d9264